Rethinking Greek religion (Record no. 16805)
[ view plain ]
| 000 -LEADER | |
|---|---|
| fixed length control field | 00322nam a2200121Ia 4500 |
| 008 - FIXED-LENGTH DATA ELEMENTS--GENERAL INFORMATION | |
| fixed length control field | 191206s9999 xx 000 0 und d |
| 020 ## - INTERNATIONAL STANDARD BOOK NUMBER | |
| International Standard Book Number | 9780521110921 (hardb |
| 090 ## - | |
| -- | BL783.K565 |
| 245 #0 - TITLE STATEMENT | |
| Title | Rethinking Greek religion |
| 260 ## - PUBLICATION, DISTRIBUTION, ETC. | |
| Date of publication, distribution, etc. | c2012 |
| 300 ## - PHYSICAL DESCRIPTION | |
| Extent | "xiii, 235 pages: illustrations ; 24 cm" |
| Withdrawn status | Lost status | Source of classification or shelving scheme | Damaged status | Not for loan | Home library | Current library | Date acquired | Total Checkouts | Full call number | Barcode | Date last seen | Price effective from | Koha item type |
|---|---|---|---|---|---|---|---|---|---|---|---|---|---|
| CUZ Bulawayo Campus | CUZ Bulawayo Campus | 06.12.2019 | BL783.K565 | BBK001477 | 06.12.2019 | 06.12.2019 | OS Book |